000 00635cam a2200241 4500
001 B3159
008 090401t1990 xxu||||| |||| 00| 0 eng d
035 _a(Sirsi) u54385
041 _aeng
050 _a338.4369
100 _aHancock, M.R.
245 _aTheory of markets and price formation in the UK construction industry
260 _aAscot,Berks
_bChartered Institute of Building
_c1990
300 _a7p. ; 30cm.
350 _a3
490 _aTechnical Information Service
_v116
650 _aBUILDING INDUSTRY
650 _aESTIMATING
650 _aMARKETS
650 _aPRICES
942 _n0
948 _c04/03/1997
999 _c93462
_d93462